[Event "Sherbrooke Perpetuelles 13-26a"]
[Site "Sherbrooke CAN"]
[Date "2005.01.21"]
[Round "2"]
[White "Galindo, Gabriel"]
[Black "Grenier, Jean-Pierre"]
[Result "0-1"]
[WhiteElo "1310"]
[BlackElo "1563"]
[PlyCount "58"]
[GameId "2160767911031775"]
[EventDate "2005.01.??"]
[EventType "swiss"]
[EventRounds "5"]
[EventCountry "CAN"]
[SourceTitle "EXT 2006"]
[Source "ChessBase"]
[SourceDate "2005.11.24"]
[SourceVersion "1"]
[SourceVersionDate "2005.11.24"]
[SourceQuality "1"]

1. e4 c5 2. Nf3 Nc6 3. c3 e5 4. Bc4 a6 5. a3 b5 6. Ba2 h6 7. d3 Nf6 8. Bd5 Bd6 9. O-O O-O 10. Be3 Bb7 11. Bxc6 Bxc6 12. Nbd2 Ng4 13. Qe2 a5 14. h3 Nxe3 15. fxe3 Bc7 16. Qf2 d5 17. Rad1 d4 18. Kh1 Ra6 19. exd4 cxd4 20. cxd4 Bb6 21. Nb3 exd4 22. Nfxd4 Qa8 23. Qf5 a4 24. Nxc6 Qxc6 25. Nd2 Qc2 26. Qd7 Ra7 27. Qd5 Rd8 28. Qxf7+ Rxf7 29. Rxf7 Kxf7 0-1

[Event "Sherbrooke Perpetuelles 13-26a"]
[Site "Sherbrooke CAN"]
[Date "2005.01.21"]
[Round "2"]
[White "Lopez, Jose"]
[Black "Germain, Benoit"]
[Result "1/2-1/2"]
[WhiteElo "1766"]
[BlackElo "1751"]
[PlyCount "96"]
[GameId "2160767911031776"]
[EventDate "2005.01.??"]
[EventType "swiss"]
[EventRounds "5"]
[EventCountry "CAN"]
[SourceTitle "EXT 2006"]
[Source "ChessBase"]
[SourceDate "2005.11.24"]
[SourceVersion "1"]
[SourceVersionDate "2005.11.24"]
[SourceQuality "1"]

1. e4 e5 2. Nf3 Nc6 3. d4 exd4 4. Nxd4 Bc5 5. Be3 Qe7 6. Nc3 Bb4 7. Ndb5 d6 8. a3 Bxc3+ 9. Nxc3 Nf6 10. f3 Be6 11. Bb5 O-O 12. Bxc6 bxc6 13. O-O Nd7 14. Qd2 Ne5 15. b3 f5 16. f4 Ng4 17. h3 Nxe3 18. Qxe3 fxe4 19. Qxe4 d5 20. Qe3 Qf6 21. Ne2 Rae8 22. Qd2 Qg6 23. Kh2 c5 24. Ng3 d4 25. Rae1 Bd5 26. Qf2 Qd6 27. Kg1 Rxe1 28. Qxe1 Rxf4 29. Rxf4 Qxf4 30. Qe8+ Qf8 31. Qe5 c6 32. Nh5 Bf7 33. Nf4 h6 34. Ne6 Bxe6 35. Qxe6+ Kh7 36. Qxc6 Qe7 37. Qf3 Qe1+ 38. Kh2 Qe5+ 39. Kh1 a5 40. Qd3+ Kg8 41. a4 Kf7 42. Qc4+ Kf6 43. Qa6+ Kf5 44. Qxa5 Kf4 45. Qd2+ Qe3 46. Qxe3+ Kxe3 47. Kg1 Kd2 48. a5 Kxc2 1/2-1/2

[Event "Sherbrooke Perpetuelles 13-26a"]
[Site "Sherbrooke CAN"]
[Date "2005.01.21"]
[Round "2"]
[White "Ouellet-Lahaie, Didier"]
[Black "Saziouk, Alexandre"]
[Result "0-1"]
[WhiteElo "1679"]
[BlackElo "1733"]
[PlyCount "70"]
[GameId "2160767911031777"]
[EventDate "2005.01.??"]
[EventType "swiss"]
[EventRounds "5"]
[EventCountry "CAN"]
[SourceTitle "EXT 2006"]
[Source "ChessBase"]
[SourceDate "2005.11.24"]
[SourceVersion "1"]
[SourceVersionDate "2005.11.24"]
[SourceQuality "1"]

1. e4 c5 2. Nc3 Nc6 3. g3 d6 4. Bg2 g6 5. d3 Bg7 6. f4 Nf6 7. Nf3 Bg4 8. O-O Qd7 9. Be3 h5 10. Qe1 Bxf3 11. Bxf3 Ng4 12. Bxg4 hxg4 13. Kg2 O-O-O 14. Rb1 Rh3 15. Ne2 Rdh8 16. Rh1 f5 17. exf5 Qxf5 18. Kg1 e5 19. Qf2 Re8 20. Re1 e4 21. d4 b6 22. c3 Qd5 23. a3 Na5 24. Nc1 Nc4 25. Rd1 Rhh8 26. Kg2 Qh5 27. dxc5 dxc5 28. Kf1 Rhf8 29. Qe2 Nxe3+ 30. Qxe3 g5 31. Ne2 Bh6 32. Rd5 Qh3+ 33. Kg1 gxf4 34. Nxf4 Bxf4 35. Qe2 Be3+ 0-1

[Event "Sherbrooke Perpetuelles 13-26a"]
[Site "Sherbrooke CAN"]
[Date "2005.01.21"]
[Round "2"]
[White "Straehl, Patrick"]
[Black "Laroche, Abel"]
[Result "1-0"]
[WhiteElo "1148"]
[BlackElo "1143"]
[PlyCount "115"]
[GameId "2160767911031778"]
[EventDate "2005.01.??"]
[EventType "swiss"]
[EventRounds "5"]
[EventCountry "CAN"]
[SourceTitle "EXT 2006"]
[Source "ChessBase"]
[SourceDate "2005.11.24"]
[SourceVersion "1"]
[SourceVersionDate "2005.11.24"]
[SourceQuality "1"]

1. d4 d5 2. c4 e6 3. Nc3 Nf6 4. a3 dxc4 5. e3 a6 6. Bxc4 b5 7. Bd3 c5 8. dxc5 Bxc5 9. b4 Bd6 10. Nf3 O-O 11. Bb2 e5 12. Ne4 Nc6 13. Rc1 Bf5 14. Nxf6+ Qxf6 15. Bxf5 Qxf5 16. Rxc6 e4 17. Rxd6 exf3 18. gxf3 Qg5 19. Ke2 Rad8 20. h4 Qe7 21. Qd4 f6 22. Rxd8 Rxd8 23. Qc3 Qe6 24. Rg1 Kf7 25. Qc7+ Rd7 26. Qg3 Kf8 27. Rd1 Rxd1 28. Kxd1 Qb3+ 29. Kc1 Qc4+ 30. Kd2 Qa2 31. Kc3 g6 32. Qd6+ Kf7 33. Qxa6 Qc4+ 34. Kd2 Qxh4 35. Qxb5 Qxf2+ 36. Qe2 Qg3 37. b5 Qd6+ 38. Qd3 Qc5 39. Qd7+ Qe7 40. Qxe7+ Kxe7 41. b6 Kd8 42. Bxf6+ Kc8 43. Kc3 Kb7 44. Kb4 Kxb6 45. a4 h5 46. e4 Kc7 47. Kb5 Kb7 48. e5 Kc7 49. e6 g5 50. Bxg5 Kd6 51. e7 Kd7 52. a5 h4 53. Bxh4 Ke8 54. a6 Kd7 55. a7 Kc7 56. a8=Q Kd6 57. Qa6+ Ke5 58. e8=Q+ 1-0

[Event "Sherbrooke Perpetuelles 13-26a"]
[Site "Sherbrooke CAN"]
[Date "2005.01.28"]
[Round "3"]
[White "Belzil, Julien"]
[Black "Galindo, Gabriel"]
[Result "1-0"]
[WhiteElo "1318"]
[BlackElo "1310"]
[PlyCount "67"]
[GameId "2160767911031779"]
[EventDate "2005.01.??"]
[EventType "swiss"]
[EventRounds "5"]
[EventCountry "CAN"]
[SourceTitle "EXT 2006"]
[Source "ChessBase"]
[SourceDate "2005.11.24"]
[SourceVersion "1"]
[SourceVersionDate "2005.11.24"]
[SourceQuality "1"]

1. c4 Nc6 2. d4 e6 3. e4 d5 4. e5 Nge7 5. Nf3 Nf5 6. Nc3 Bb4 7. Qd3 h6 8. a3 Bxc3+ 9. Qxc3 O-O 10. Bd3 Nh4 11. Be2 f5 12. O-O dxc4 13. Bxc4 Nxf3+ 14. Qxf3 Qxd4 15. Be2 Nxe5 16. Qg3 Ng4 17. h3 f4 18. Qxg4 g5 19. Qh5 Qf6 20. Bc4 Rf7 21. Rb1 b6 22. Qf3 Rb8 23. Bd2 Bb7 24. Qg4 Re8 25. Bc3 Qg6 26. Rfd1 h5 27. Qe2 f3 28. Qe5 Kh7 29. Bd3 Qxd3 30. Rxd3 fxg2 31. Rbd1 Kg6 32. Rd7 Bf3 33. Rxf7 Kxf7 34. Qg7# 1-0

[Event "Sherbrooke Perpetuelles 13-26a"]
[Site "Sherbrooke CAN"]
[Date "2005.01.28"]
[Round "3"]
[White "Courchesne, Alain"]
[Black "Straehl, Patrick"]
[Result "0-1"]
[WhiteElo "1081"]
[BlackElo "1148"]
[PlyCount "78"]
[GameId "2160767911031780"]
[EventDate "2005.01.??"]
[EventType "swiss"]
[EventRounds "5"]
[EventCountry "CAN"]
[SourceTitle "EXT 2006"]
[Source "ChessBase"]
[SourceDate "2005.11.24"]
[SourceVersion "1"]
[SourceVersionDate "2005.11.24"]
[SourceQuality "1"]

1. c4 Nf6 2. d4 e6 3. c5 d6 4. b4 Nc6 5. a3 b6 6. b5 Nb8 7. c6 a6 8. e3 axb5 9. Bxb5 Ba6 10. Bxa6 Nxa6 11. Qc2 Ra7 12. e4 Qa8 13. Ne2 Nb4 14. axb4 Rxa1 15. b5 Qa2 16. Qxa2 Rxa2 17. Nbc3 Ra5 18. Bb2 d5 19. e5 Ne4 20. f3 Nxc3 21. Nxc3 Bb4 22. O-O Bxc3 23. Bxc3 Rxb5 24. Ra1 O-O 25. Ra7 Rb1+ 26. Kf2 Rc1 27. Bd2 Rxc6 28. Ke3 f6 29. f4 fxe5 30. fxe5 Rb8 31. Ra1 b5 32. Bb4 Rc4 33. Bc5 b4 34. Ra6 b3 35. Ra1 b2 36. Rb1 Rc1 37. Rxb2 Rxb2 38. Kf3 Rxc5 39. dxc5 Rc2 0-1

[Event "Sherbrooke Perpetuelles 13-26a"]
[Site "Sherbrooke CAN"]
[Date "2005.01.28"]
[Round "3"]
[White "Germain, Benoit"]
[Black "Ouellet-Lahaie, Didier"]
[Result "0-1"]
[WhiteElo "1751"]
[BlackElo "1679"]
[PlyCount "66"]
[GameId "2160767911031781"]
[EventDate "2005.01.??"]
[EventType "swiss"]
[EventRounds "5"]
[EventCountry "CAN"]
[SourceTitle "EXT 2006"]
[Source "ChessBase"]
[SourceDate "2005.11.24"]
[SourceVersion "1"]
[SourceVersionDate "2005.11.24"]
[SourceQuality "1"]

1. d4 Nf6 2. c4 e6 3. Nc3 Bb4 4. Nf3 O-O 5. Bg5 h6 6. Bh4 d5 7. e3 c5 8. Bd3 Nc6 9. O-O g5 10. Bg3 cxd4 11. Nxd4 Nxd4 12. exd4 Bd6 13. f4 dxc4 14. fxg5 Bxg3 15. gxf6 Qxd4+ 16. Kh1 Qh4 17. h3 cxd3 18. Qxd3 e5 19. Ne2 Bf4 20. Nxf4 exf4 21. Qd2 Qxf6 22. Rxf4 Qg6 23. Raf1 Be6 24. Qf2 Rad8 25. Rf6 Qg5 26. h4 Qh5 27. Qf4 Kh7 28. Qe4+ Kg7 29. Kh2 Qd5 30. Qe3 Qd6+ 31. Kh1 Rh8 32. h5 Qd5 33. Kg1 Qd4 0-1

[Event "Sherbrooke Perpetuelles 13-26a"]
[Site "Sherbrooke CAN"]
[Date "2005.01.28"]
[Round "3"]
[White "Grenier, Jean-Pierre"]
[Black "Poirier, Vincent"]
[Result "0-1"]
[WhiteElo "1563"]
[BlackElo "1334"]
[PlyCount "80"]
[GameId "2160767911031782"]
[EventDate "2005.01.??"]
[EventType "swiss"]
[EventRounds "5"]
[EventCountry "CAN"]
[SourceTitle "EXT 2006"]
[Source "ChessBase"]
[SourceDate "2005.11.24"]
[SourceVersion "1"]
[SourceVersionDate "2005.11.24"]
[SourceQuality "1"]

1. d4 Nf6 2. Nf3 e6 3. e3 Be7 4. Bd3 O-O 5. O-O d5 6. a3 b6 7. Re1 Bb7 8. Nbd2 c5 9. c4 cxd4 10. cxd5 dxe3 11. fxe3 Nxd5 12. Nc4 Nd7 13. e4 Bc5+ 14. Kh1 N5f6 15. Bg5 Qc7 16. e5 Ng4 17. Bh4 Bxf3 18. Qxf3 Ndxe5 19. Nxe5 Nxe5 20. Bxh7+ Kxh7 21. Qh5+ Kg8 22. Rxe5 Bd4 23. Re4 Bxb2 24. Bg3 Qc5 25. Qxc5 bxc5 26. Ra2 Bd4 27. h4 g6 28. Bf4 Rfe8 29. g4 f5 30. gxf5 exf5 31. Ree2 Rxe2 32. Rxe2 Kf7 33. Bg5 Bf6 34. Rd2 Bxg5 35. hxg5 Ke6 36. Kg2 c4 37. Kf3 c3 38. Rc2 Rc8 39. Kf4 Kd5 40. Ke3 Kc4 0-1

[Event "Sherbrooke Perpetuelles 13-26a"]
[Site "Sherbrooke CAN"]
[Date "2005.01.28"]
[Round "3"]
[White "Jolin, Fernand"]
[Black "Courteau, Bernard"]
[Result "0-1"]
[WhiteElo "1486"]
[BlackElo "1574"]
[PlyCount "111"]
[GameId "2160767911031783"]
[EventDate "2005.01.??"]
[EventType "swiss"]
[EventRounds "5"]
[EventCountry "CAN"]
[SourceTitle "EXT 2006"]
[Source "ChessBase"]
[SourceDate "2005.11.24"]
[SourceVersion "1"]
[SourceVersionDate "2005.11.24"]
[SourceQuality "1"]

1. Nf3 c5 2. g3 d5 3. Bg2 Nc6 4. O-O Nf6 5. d3 Bg4 6. Nbd2 e6 7. e4 Be7 8. exd5 exd5 9. Qe1 Qc7 10. Nb3 O-O 11. Bf4 Bd6 12. Bxd6 Qxd6 13. Qc3 b6 14. Rfe1 Rac8 15. h3 Be6 16. Ng5 d4 17. Qd2 Ne5 18. Nxe6 fxe6 19. Qf4 Nfd7 20. Qe4 Rf6 21. Re2 Rcf8 22. f4 Nf7 23. Qb7 Rg6 24. Qc6 e5 25. Qxd6 Rxd6 26. fxe5 Nfxe5 27. Rae1 Nf3+ 28. Bxf3 Rxf3 29. Kg2 Rf8 30. Nd2 Nf6 31. Nc4 Rd7 32. Ne5 Rc7 33. Nc4 Nd5 34. Re5 Rd7 35. Re8 Rdf7 36. Rxf8+ Kxf8 37. Re5 Nb4 38. Nd6 Re7 39. Rxe7 Kxe7 40. Nc8+ Kd7 41. Nxa7 Nxc2 42. Nb5 Ne1+ 43. Kf1 Nxd3 44. b3 Nc1 45. Ke1 Nxa2 46. Na3 Nc1 47. Nc4 b5 48. Nd2 Kc6 49. Kd1 Nd3 50. Kc2 Ne5 51. Ne4 Kd5 52. Ng5 h6 53. Nh7 c4 54. bxc4+ bxc4 55. Nf8 c3 56. Kd1 0-1

[Event "Sherbrooke Perpetuelles 13-26a"]
[Site "Sherbrooke CAN"]
[Date "2005.01.28"]
[Round "3"]
[White "Laroche, Abel"]
[Black "Laplante, Sebastien"]
[Result "0-1"]
[WhiteElo "1143"]
[BlackElo "1064"]
[PlyCount "88"]
[GameId "2160767911031784"]
[EventDate "2005.01.??"]
[EventType "swiss"]
[EventRounds "5"]
[EventCountry "CAN"]
[SourceTitle "EXT 2006"]
[Source "ChessBase"]
[SourceDate "2005.11.24"]
[SourceVersion "1"]
[SourceVersionDate "2005.11.24"]
[SourceQuality "1"]

1. e4 e5 2. Nf3 h6 3. d3 Be7 4. c4 d6 5. Nc3 Bd7 6. Be3 b6 7. a3 Nc6 8. Be2 Nf6 9. d4 Bg4 10. dxe5 dxe5 11. Qc2 O-O 12. Rd1 Qe8 13. Nb5 Rc8 14. b4 a6 15. Nc3 Bxf3 16. Bxf3 a5 17. b5 Na7 18. a4 c6 19. Bxb6 cxb5 20. axb5 Nxb5 21. Nxb5 Bb4+ 22. Nc3 Rxc4 23. Rd3 Nxe4 24. Bxe4 Rxe4+ 25. Be3 Rc4 26. Qb3 Qc8 27. Bd2 e4 28. Re3 Qc6 29. O-O Re8 30. Rc1 a4 31. Qb1 Re6 32. Be1 a3 33. Qb3 Qa6 34. Rd1 Kh7 35. Nd5 Bxe1 36. Rdxe1 a2 37. Ra1 Rc1+ 38. Rxc1 a1=Q 39. Rec3 e3 40. fxe3 Q1a2 41. Nc7 Qxg2+ 42. Kxg2 Qe2+ 43. Kh1 Qf3+ 44. Kg1 Rg6# 0-1

[Event "Sherbrooke Perpetuelles 13-26a"]
[Site "Sherbrooke CAN"]
[Date "2005.01.28"]
[Round "3"]
[White "Viens, Nicolas"]
[Black "Ben Ali, Amine"]
[Result "0-1"]
[WhiteElo "1307"]
[BlackElo "1122"]
[PlyCount "108"]
[GameId "2160767911031785"]
[EventDate "2005.01.??"]
[EventType "swiss"]
[EventRounds "5"]
[EventCountry "CAN"]
[SourceTitle "EXT 2006"]
[Source "ChessBase"]
[SourceDate "2005.11.24"]
[SourceVersion "1"]
[SourceVersionDate "2005.11.24"]
[SourceQuality "1"]

1. d4 d5 2. c4 e6 3. e3 Nf6 4. Nc3 Bb4 5. a3 Bxc3+ 6. bxc3 b6 7. Nf3 Ba6 8. Ne5 O-O 9. Bd3 Nfd7 10. Nxd7 Nxd7 11. cxd5 Bxd3 12. Qxd3 exd5 13. O-O Nf6 14. f3 Qe7 15. a4 Qe6 16. Re1 Rfe8 17. Ra2 Nd7 18. Rae2 Qc6 19. Qc2 Nf6 20. e4 dxe4 21. fxe4 Qc4 22. e5 Nd5 23. Bd2 Re6 24. Re4 c5 25. h3 g6 26. Kh2 a5 27. dxc5 Qxc5 28. Rd4 Ne7 29. Qd3 Nf5 30. Rde4 Rae8 31. Bf4 Qc6 32. g4 Ng7 33. Rd4 Rc8 34. Re3 Qc5 35. Rd8+ Re8 36. Rxe8+ Rxe8 37. Qd6 Ne6 38. Bh6 Rd8 39. Qxc5 Nxc5 40. Bg5 Re8 41. Bf6 Nxa4 42. Rd3 Rc8 43. Kg3 Nxc3 44. Kf3 Nb5 45. Rd7 Nc3 46. e6 fxe6 47. Rg7+ Kf8 48. Rxh7 Ke8 49. Kf4 Nd5+ 50. Ke5 Nxf6 51. Kxf6 Rc6 52. Re7+ Kf8 53. Rf7+ Ke8 54. Re7+ Kd8 0-1

[Event "Sherbrooke Perpetuelles 13-26a"]
[Site "Sherbrooke CAN"]
[Date "2005.02.11"]
[Round "4"]
[White "Ben Ali, Amine"]
[Black "Belzil, Julien"]
[Result "1-0"]
[WhiteElo "1122"]
[BlackElo "1318"]
[PlyCount "121"]
[GameId "2160767911031786"]
[EventDate "2005.01.??"]
[EventType "swiss"]
[EventRounds "5"]
[EventCountry "CAN"]
[SourceTitle "EXT 2006"]
[Source "ChessBase"]
[SourceDate "2005.11.24"]
[SourceVersion "1"]
[SourceVersionDate "2005.11.24"]
[SourceQuality "1"]

1. e4 c6 2. b3 d5 3. exd5 cxd5 4. h3 e5 5. Bb2 d4 6. Nf3 Nc6 7. Bb5 Bd6 8. Qe2 Qf6 9. Nxd4 Nge7 10. Nxc6 bxc6 11. Bc4 O-O 12. d3 Ng6 13. g3 Bb7 14. Nd2 c5 15. Rg1 Qf5 16. h4 Rae8 17. f3 Qh3 18. O-O-O Qd7 19. Ne4 a5 20. Nc3 Ra8 21. Bb5 Qc7 22. Ne4 Be7 23. h5 Bxe4 24. Qxe4 Bg5+ 25. Kb1 Ne7 26. Bxe5 Qb6 27. Ba4 f5 28. Qc4+ Kh8 29. Qb5 Qa7 30. Bd6 Be3 31. Rge1 Nd5 32. Qc4 Bf2 33. Qxd5 Rfd8 34. Re6 Rac8 35. Qc4 Bd4 36. Be5 Qb7 37. h6 Bxe5 38. Rxe5 g6 39. Rde1 Qb6 40. Qf7 Rg8 41. Re6 Rcf8 42. Rxb6 Rxf7 43. Rb5 Rf6 44. Rxc5 g5 45. Rxa5 Rxh6 46. Rxf5 Rh3 47. g4 Rh2 48. Re8 Rh1+ 49. Kb2 Rxe8 50. Bxe8 Re1 51. Rxg5 Rxe8 52. Kc3 Re3 53. Rf5 Kg7 54. a4 Re7 55. b4 Rc7+ 56. Kb3 Kg6 57. c4 h5 58. Rxh5 Rd7 59. Kc3 Rf7 60. Rf5 Ra7 61. a5 1-0

[Event "Sherbrooke Perpetuelles 13-26a"]
[Site "Sherbrooke CAN"]
[Date "2005.02.11"]
[Round "4"]
[White "Courteau, Bernard"]
[Black "Germain, Benoit"]
[Result "1-0"]
[WhiteElo "1574"]
[BlackElo "1751"]
[PlyCount "65"]
[GameId "2160767911031787"]
[EventDate "2005.01.??"]
[EventType "swiss"]
[EventRounds "5"]
[EventCountry "CAN"]
[SourceTitle "EXT 2006"]
[Source "ChessBase"]
[SourceDate "2005.11.24"]
[SourceVersion "1"]
[SourceVersionDate "2005.11.24"]
[SourceQuality "1"]

1. e4 e5 2. Nf3 Nc6 3. Bb5 Nf6 4. d3 d6 5. Nbd2 Be7 6. c3 O-O 7. d4 exd4 8. cxd4 d5 9. e5 Ne4 10. O-O Bf5 11. a3 Qd7 12. Re1 Qe6 13. Nf1 Bg4 14. Be3 Nd8 15. Rc1 c6 16. Bd3 Qg6 17. Ng3 f5 18. exf6 Bxf6 19. Qc2 Bf5 20. Nxf5 Qxf5 21. Nd2 Qh5 22. Nxe4 dxe4 23. Bxe4 Nf7 24. Rcd1 Rad8 25. b4 Kh8 26. Bf3 Qh4 27. Qc5 Nd6 28. g3 Qh3 29. Bg2 Qg4 30. Bf4 Nb5 31. h3 Qd7 32. Be5 Be7 33. Bxg7+ 1-0

[Event "Sherbrooke Perpetuelles 13-26a"]
[Site "Sherbrooke CAN"]
[Date "2005.02.11"]
[Round "4"]
[White "Germain, Emile"]
[Black "Ouellet-Lahaie, Didier"]
[Result "0-1"]
[WhiteElo "1433"]
[BlackElo "1679"]
[PlyCount "136"]
[GameId "2160767911031788"]
[EventDate "2005.01.??"]
[EventType "swiss"]
[EventRounds "5"]
[EventCountry "CAN"]
[SourceTitle "EXT 2006"]
[Source "ChessBase"]
[SourceDate "2005.11.24"]
[SourceVersion "1"]
[SourceVersionDate "2005.11.24"]
[SourceQuality "1"]

1. d4 Nf6 2. c4 e6 3. Nc3 Bb4 4. Bd2 c5 5. Nf3 Nc6 6. Nb5 Bxd2+ 7. Qxd2 d5 8. dxc5 O-O 9. e3 Ne4 10. Qc1 a6 11. Nc3 Qa5 12. a3 Nxc3 13. Qxc3 Qxc3+ 14. bxc3 dxc4 15. Bxc4 Bd7 16. O-O-O Rfd8 17. Rd6 Rac8 18. Rhd1 Rc7 19. Nd4 Re8 20. f4 Kf8 21. Nb3 Ke7 22. g4 Rd8 23. e4 e5 24. f5 f6 25. h4 h6 26. Rg1 Be8 27. Re6+ Kf8 28. Rd6 Rcd7 29. Rgd1 Ke7 30. Be6 Rxd6 31. cxd6+ Rxd6 32. Nc5 Rxd1+ 33. Kxd1 Na5 34. Bd5 Bc6 35. Bxc6 bxc6 36. Nxa6 Nc4 37. Nb4 Kd6 38. Nc2 Kc5 39. Ke2 Kb5 40. g5 hxg5 41. hxg5 Ka4 42. gxf6 gxf6 43. Nb4 Kb5 44. a4+ Kc5 45. Nd3+ Kd6 46. Nf2 Ke7 47. Ng4 Kf7 48. Ne3 Nd6 49. Kd3 Ke7 50. Nc4 Nb7 51. a5 Kd7 52. Kc2 Nc5 53. Nd2 Kc7 54. c4 Kb7 55. Kc3 Ka6 56. Kb4 Nd3+ 57. Ka4 Nc5+ 58. Kb4 Nd3+ 59. Ka4 c5 60. Nb3 Nb2+ 61. Ka3 Nxc4+ 62. Ka4 Nb2+ 63. Ka3 Nd3 64. Ka4 c4 65. Nd2 c3 66. Nb3 c2 67. Ka3 c1=Q+ 68. Nxc1 Nxc1 0-1

[Event "Sherbrooke Perpetuelles 13-26a"]
[Site "Sherbrooke CAN"]
[Date "2005.02.11"]
[Round "4"]
[White "Poirier, Vincent"]
[Black "Belanger, Jean Sebastien"]
[Result "1-0"]
[WhiteElo "1334"]
[BlackElo "1458"]
[PlyCount "139"]
[GameId "2160767911031789"]
[EventDate "2005.01.??"]
[EventType "swiss"]
[EventRounds "5"]
[EventCountry "CAN"]
[SourceTitle "EXT 2006"]
[Source "ChessBase"]
[SourceDate "2005.11.24"]
[SourceVersion "1"]
[SourceVersionDate "2005.11.24"]
[SourceQuality "1"]

1. e4 c6 2. d4 d5 3. Nc3 dxe4 4. Nxe4 Bf5 5. Ng3 Bg6 6. Nf3 Nf6 7. Be2 Nbd7 8. O-O e6 9. Bg5 h6 10. Bxf6 Nxf6 11. Ne5 Bh7 12. Nh5 Bd6 13. Nxg7+ Ke7 14. f4 Rg8 15. Nh5 Nd5 16. Qd2 c5 17. c4 Nb4 18. d5 exd5 19. cxd5 Bxe5 20. fxe5 Qxd5 21. Qxd5 Nxd5 22. Bc4 Bg6 23. Nf6 Nxf6 24. Rxf6 b5 25. Bxb5 Rab8 26. a4 a6 27. Rxa6 Be4 28. g3 Rbd8 29. Rxh6 Rd2 30. Kf1 Rg5 31. b3 Rf5+ 32. Ke1 Rff2 33. Rd1 Rb2 34. e6 Rg2 35. Rd7+ Kf8 36. Rxf7+ Kg8 37. Rd7 Bf3 38. Rg6+ Kh8 39. Bd3 Be2 40. Rd8+ Kh7 41. Rf6+ Kg7 42. Rf7+ Kh6 43. Bxe2 Rgxe2+ 44. Kf1 Rxe6 45. Rfd7 Ree2 46. a5 Rf2+ 47. Ke1 Rg2 48. Rd2 Rg1+ 49. Kf2 Rbb1 50. a6 Rgf1+ 51. Kg2 Rg1+ 52. Kh3 Rxb3 53. a7 Ra3 54. a8=Q Rxa8 55. Rxa8 c4 56. Rc2 Rd1 57. Rxc4 Rd6 58. Rg4 Kh7 59. Ra5 Rh6+ 60. Rh4 Rxh4+ 61. Kxh4 Kg6 62. g4 Kf6 63. Kh5 Kg7 64. g5 Kf7 65. Kh6 Ke6 66. g6 Kf6 67. g7 Ke7 68. Ra6 Kf7 69. Kh7 Ke7 70. g8=Q 1-0

[Event "Sherbrooke Perpetuelles 13-26a"]
[Site "Sherbrooke CAN"]
[Date "2005.02.11"]
[Round "4"]
[White "Viens, Nicolas"]
[Black "Jolin, Fernand"]
[Result "1-0"]
[WhiteElo "1307"]
[BlackElo "1486"]
[PlyCount "55"]
[GameId "2160767911031790"]
[EventDate "2005.01.??"]
[EventType "swiss"]
[EventRounds "5"]
[EventCountry "CAN"]
[SourceTitle "EXT 2006"]
[Source "ChessBase"]
[SourceDate "2005.11.24"]
[SourceVersion "1"]
[SourceVersionDate "2005.11.24"]
[SourceQuality "1"]

1. d4 d5 2. c4 dxc4 3. e3 Nf6 4. Bxc4 e6 5. Nc3 g6 6. Nf3 Bg7 7. O-O O-O 8. e4 c6 9. Bg5 Nbd7 10. e5 Qb6 11. exf6 Nxf6 12. Bb3 Nd5 13. Na4 Qc7 14. Nc5 h6 15. Bh4 f5 16. Re1 g5 17. Bxg5 hxg5 18. Nxg5 e5 19. Nce6 Bxe6 20. Nxe6 Qe7 21. Nxf8 Kxf8 22. dxe5 Nf4 23. Qd6 Qxd6 24. exd6 Bxb2 25. Rad1 Rd8 26. Re7 Ba3 27. Rf7+ Ke8 28. d7+ 1-0

[Event "Sherbrooke Perpetuelles 13-26a"]
[Site "Sherbrooke CAN"]
[Date "2005.02.18"]
[Round "5"]
[White "Ben Ali, Amine"]
[Black "Ouellet-Lahaie, Didier"]
[Result "0-1"]
[WhiteElo "1122"]
[BlackElo "1679"]
[PlyCount "142"]
[GameId "2160767911031792"]
[EventDate "2005.01.??"]
[EventType "swiss"]
[EventRounds "5"]
[EventCountry "CAN"]
[SourceTitle "EXT 2006"]
[Source "ChessBase"]
[SourceDate "2005.11.24"]
[SourceVersion "1"]
[SourceVersionDate "2005.11.24"]
[SourceQuality "1"]

1. e4 e5 2. Bc4 Nc6 3. Nf3 Be7 4. d3 Nf6 5. h3 O-O 6. Be3 d5 7. exd5 Nxd5 8. Bb5 Nxe3 9. fxe3 Bh4+ 10. Ke2 Bf6 11. Bxc6 bxc6 12. e4 Rb8 13. b3 Qd6 14. Nbd2 Be6 15. Re1 Be7 16. Kf1 f5 17. Nc4 Bxc4 18. dxc4 f4 19. Kg1 Qe6 20. Qe2 Bc5+ 21. Kh1 Qe7 22. c3 Rbd8 23. b4 Be3 24. Qf1 Rd7 25. Rxe3 fxe3 26. Qe2 Rfd8 27. Qxe3 c5 28. Qxc5 Qxc5 29. bxc5 Re7 30. Rb1 c6 31. Ng5 h6 32. Nf3 Kf7 33. a3 g5 34. Rf1 Kg6 35. Rb1 Rd3 36. Rb7 Rxb7 37. Nxe5+ Kf6 38. Nxd3 Rb3 39. Nb4 Rxc3 40. Nxc6 Rxc4 41. Nxa7 Rxc5 42. a4 Ra5 43. e5+ Ke6 44. Nc6 Rxa4 45. Nd8+ Ke7 46. Nb7 Re4 47. Na5 Ke6 48. Nb3 Rxe5 49. Kh2 Kf5 50. Nd2 Kf4 51. Nf1 Re1 52. Nd2 Ke3 53. Nf3 Rf1 54. Kg3 Ra1 55. Kh2 Kf2 56. Ne5 Ra4 57. Ng4+ Rxg4 58. hxg4 Ke3 59. Kg3 Ke4 60. Kh3 Kf4 61. g3+ Kf3 62. Kh2 Kxg4 63. Kg2 h5 64. Kh2 Kf3 65. Kh3 g4+ 66. Kh2 Kf2 67. Kh1 Kxg3 68. Kg1 Kf3 69. Kh2 Kf2 70. Kh1 h4 71. Kh2 g3+ 0-1

[Event "Sherbrooke Perpetuelles 13-26a"]
[Site "Sherbrooke CAN"]
[Date "2005.02.18"]
[Round "5"]
[White "Germain, Benoit"]
[Black "Viens, Nicolas"]
[Result "1-0"]
[WhiteElo "1751"]
[BlackElo "1307"]
[PlyCount "87"]
[GameId "2160767911031793"]
[EventDate "2005.01.??"]
[EventType "swiss"]
[EventRounds "5"]
[EventCountry "CAN"]
[SourceTitle "EXT 2006"]
[Source "ChessBase"]
[SourceDate "2005.11.24"]
[SourceVersion "1"]
[SourceVersionDate "2005.11.24"]
[SourceQuality "1"]

1. Nf3 d5 2. d4 Nc6 3. e3 Nf6 4. c4 e6 5. Bd3 Be7 6. O-O O-O 7. Nc3 dxc4 8. Bxc4 Bd6 9. e4 Bb4 10. Bg5 Be7 11. e5 Nd7 12. Ne4 Bxg5 13. Nexg5 Nb6 14. Qd3 g6 15. Ne4 Nxc4 16. Nf6+ Kg7 17. Qxc4 Ne7 18. Rac1 c6 19. Ng5 h6 20. Nge4 b5 21. Qc3 Ba6 22. Rfd1 Qc7 23. Qa3 Bb7 24. Nd6 Nd5 25. Nxd5 exd5 26. Nxb5 Qd7 27. Nd6 Rfd8 28. Qc3 Rab8 29. b3 Ba8 30. Rd3 Qe6 31. Qa5 Rd7 32. f4 f5 33. Rdc3 Kf8 34. Qc5 Kg8 35. b4 Kh7 36. a4 Rc7 37. Qa5 Rd7 38. b5 cxb5 39. Nxb5 Re8 40. Nc7 Rxc7 41. Rxc7+ Kg8 42. Qxa7 Kf8 43. Rh7 Qg8 44. Rcc7 1-0